Una crítica a los fundamentos de la estrategia de apertura al exterior en la agricultura /
En este trabajo se discute la válidez de las hipótesis del enfoque neoclásico (referido a: existencia de mercados internacionales competitivos, inmovilidad internacional de los factores de producción) y de su consecuencia lógica, la especialización internacional óptima, según la dotación de factores...
Salvato in:
| Autore principale: | |
|---|---|
| Natura: | testo |
| Soggetti: | |
| Tags: |
Aggiungi Tag
Nessun Tag, puoi essere il primo ad aggiungerne!!
|
MARC
| LEADER | 00000 a a2200000 04500 | ||
|---|---|---|---|
| 001 | 285 | ||
| 003 | |||
| 040 | |||
| 100 | |a Martner, Gonzalo Daniel | ||
| 245 | |a Una crítica a los fundamentos de la estrategia de apertura al exterior en la agricultura / |c Gonzalo Daniel Martner | ||
| 520 | |a En este trabajo se discute la válidez de las hipótesis del enfoque neoclásico (referido a: existencia de mercados internacionales competitivos, inmovilidad internacional de los factores de producción) y de su consecuencia lógica, la especialización internacional óptima, según la dotación de factores de producción en un contexto de librecambismo. Señala, a su vez, que una política de inserción externa programada y planificada es una condición para el desarrollo equilibrado del agro y para contrarrestar la subordinación y la dependencia derivadas de la actual división internacional del trabajo. EBZ/mb | ||
| 650 | |a LIBERALISMO | ||
| 650 | |a PROTECCIONISMO | ||
| 650 | |a NEOLIBERALISMO | ||
| 650 | |a ESTRATEGIA DEL DESARROLLO | ||
| 650 | |a AGRICULTURA | ||
| 650 | |a MERCADO INTERNACIONAL | ||
| 650 | |a COMPETITIVIDAD | ||
| 650 | |a FACTORES DE PRODUCCION | ||
| 650 | |a ESPECIALIZACION DE LA PRODUCCION | ||
| 650 | |a SUBSIDIOS | ||
| 650 | |a PROTECCIONISMO | ||
| 650 | |a INDUSTRIALIZACION | ||
| 650 | |a PRECIOS | ||
| 650 | |a PRODUCTOS AGROPECUARIOS | ||
| 650 | |a EMPRESAS AGRICOLAS | ||
| 650 | |a EMPRESAS COMERCIALES | ||
| 650 | |a EMPRESAS INDUSTRIALES | ||
| 773 | |g número 3; páginas 10-32 | ||
| 999 | |c 36586 |d 36586 | ||
| 773 | 0 | |0 42419 |9 3464 |d Santiago, Chile: Grupo de Investigaciones Agrarias |o 04789 |t Agricultura y Sociedad/ | |
